Normal view
MARC view
Entry Personal Name
001 - CONTROL NUMBER
- control field: 49729
003 - CONTROL NUMBER IDENTIFIER
- control field: dpl
005 - DATE AND TIME OF LATEST TRANSACTION
- control field: 20120702105629.0
008 - FIXED-LENGTH DATA ELEMENTS
- fixed length control field: 120702|||a|||||| | ||| d
040 ## - CATALOGING SOURCE
- Original cataloging agency: dpl
- Transcribing agency: dpl
100 ## - HEADING--PERSONAL NAME
- Personal name: सुधीन्द्र कुमार
670 ## - SOURCE DATA FOUND
- Source citation: Work cat.: (dpl): उस्मानी, एम.एस. 49727, हिंदी-उर्दू-अंग्रेज़ी शब्दकोश/, 2009
670 ## - SOURCE DATA FOUND
- Source citation: Work cat.: (dpl): उस्मानी, एम.एस. 49727, हिंदी-उर्दू-अंग्रेज़ी शब्दकोश/, 2009
